Elementary Statistics/
Enregistré dans:
| Auteur principal: | |
|---|---|
| Format: | Sách giấy |
| Langue: | English |
| Publié: |
New York :
Holt, Rinehart and Winston,
1960
|
| Tags: |
Ajouter un tag
Pas de tags, Soyez le premier à ajouter un tag!
|
| Thư viện lưu trữ: | Thư viện Trường Đại học Đà Lạt |
|---|
| LEADER | 00648nam a2200289 4500 | ||
|---|---|---|---|
| 001 | DLU040028143 | ||
| 040 | # | # | |a dlu |b vie |
| 041 | # | # | |a eng |
| 044 | # | # | |a US |
| 082 | # | # | |a 519.5 |b MA-S |
| 100 | # | # | |a Mack, Sidney F. |
| 245 | # | # | |a Elementary Statistics/ |c Sidney F. Mack |
| 260 | # | # | |a New York : |b Holt, Rinehart and Winston, |c 1960 |
| 300 | # | # | |a 198p.; |c 24cm. |
| 504 | # | # | |a Include index [p.197 -] |
| 923 | # | # | |a 5/2004 |
| 992 | # | # | |a 8400 |
| 994 | # | # | |a DLU |
| 900 | # | # | |a True |
| 911 | # | # | |a Lê Thị Mạnh Xuân |
| 925 | # | # | |a G |
| 926 | # | # | |a A |
| 927 | # | # | |a SH |
| 980 | # | # | |a Thư viện Trường Đại học Đà Lạt |